[Event "Gausdal Classics IM-A"]
[Site "Gausdal NOR"]
[Date "2005.04.19"]
[Round "7.2"]
[White "Westerinen, Heikki MJ"]
[Black "Bentsen, Hakon"]
[Result "1-0"]
[WhiteElo "2365"]
[BlackElo "2159"]
[PlyCount "37"]
[EventDate "2005.04.14"]
[EventType "swiss"]
[EventRounds "9"]
[EventCountry "NOR"]
[EventCategory "2"]
[Source "lmi"]
[SourceDate "2005.04.22"]

1. e4 e5 2. Nf3 Nc6 3. Bb5 a6 4. Ba4 d6 5. c3 Nf6 6. d4 b5 7. Bc2 Bb7 8. O-O
Be7 9. Nbd2 O-O 10. a3 a5 11. Bd3 Ba6 12. Qe2 Qb8 13. a4 exd4 14. axb5 dxc3 15.
bxc3 Bb7 16. bxc6 Bxc6 17. Nd4 Bd7 18. Nc4 a4 19. e5 1-0

[Event "Gausdal Classics IM-A"]
[Site "Gausdal NOR"]
[Date "2005.04.19"]
[Round "7.3"]
[White "Andreasen, Per"]
[Black "Ferkingstad, Sjur"]
[Result "1-0"]
[WhiteElo "2323"]
[BlackElo "2237"]
[PlyCount "87"]
[EventDate "2005.04.14"]
[EventType "swiss"]
[EventRounds "9"]
[EventCountry "NOR"]
[EventCategory "2"]
[Source "lmi"]
[SourceDate "2005.04.22"]

1. g3 f5 2. Bg2 Nf6 3. Nf3 g6 4. O-O Bg7 5. c4 O-O 6. Nc3 d6 7. d3 Nc6 8. Rb1
a5 9. a3 e5 10. b4 axb4 11. axb4 h6 12. b5 Ne7 13. Bb2 Be6 14. Ra1 Rc8 15. b6
c6 16. c5 Nd7 17. cxd6 Nd5 18. d4 e4 19. Ne5 Kh7 20. Na4 N5xb6 21. Nc5 Nxc5 22.
dxc5 Nd7 23. Nxd7 Qxd7 24. Qd2 Ra8 25. Rfb1 Rxa1 26. Rxa1 Qf7 27. Ra7 Rd8 28.
f3 exf3 29. exf3 Rd7 30. f4 Bc4 31. h4 h5 32. Bd4 Qe8 33. Bxg7 Rxg7 34. Ra1 Qe2
35. Qxe2 Bxe2 36. Kf2 Bc4 37. Ke3 Rd7 38. Kd4 Bf7 39. Ra7 Be8 40. Ra8 Bf7 41.
Ke5 Kg7 42. Rc8 Kh7 43. Rc7 Be8 44. Ke6 1-0

[Event "Gausdal Classics IM-A"]
[Site "Gausdal NOR"]
[Date "2005.04.19"]
[Round "7.4"]
[White "Ghannoum, Marc"]
[Black "Cooksey, Paul"]
[Result "1/2-1/2"]
[WhiteElo "2252"]
[BlackElo "2252"]
[PlyCount "106"]
[EventDate "2005.04.14"]
[EventType "swiss"]
[EventRounds "9"]
[EventCountry "NOR"]
[EventCategory "2"]
[Source "lmi"]
[SourceDate "2005.04.22"]

1. e4 c6 2. d4 d5 3. e5 Bf5 4. Nf3 e6 5. a3 Nd7 6. Nbd2 Ne7 7. Be2 Bg4 8. O-O
Nf5 9. h3 Bxf3 10. Nxf3 Be7 11. Bd3 h5 12. Qe2 g6 13. c3 c5 14. b3 cxd4 15.
cxd4 Nb8 16. Be3 Nc6 17. b4 Kf8 18. g4 Ng7 19. Nd2 a6 20. f4 Qd7 21. Nb3 b5 22.
Rac1 Bd8 23. Nc5 Qe8 24. Kg2 Ra7 25. Rc3 Bb6 26. Qc2 Ne7 27. Qe2 Nc6 28. Rfc1
Bxc5 29. Rxc5 Ne7 30. Qc2 Qb8 31. Rc7 Ne8 32. Rxa7 Qxa7 33. Qc5 Qb7 34. f5 exf5
35. gxf5 gxf5 36. Bg5 Rg8 37. h4 Qd7 38. Rf1 Nc7 39. Bxf5 Ne6 40. Bxe6 Qxe6 41.
Kh2 Rg6 42. Rf6 Rxf6 43. Bxf6 Ke8 44. Bxe7 Qf5 45. Qxd5 Qf4+ 46. Kg2 Kxe7 47.
Qd6+ Ke8 48. d5 Qg4+ 49. Kf2 Qf4+ 50. Ke2 Qe4+ 51. Kd2 Qd4+ 52. Kc2 Qc4+ 53.
Kb2 Qd4+ 1/2-1/2

[Event "Gausdal Classics IM-A"]
[Site "Gausdal NOR"]
[Date "2005.04.19"]
[Round "7.5"]
[White "Moskow, Eric"]
[Black "Johannessen, Svein"]
[Result "1-0"]
[WhiteElo "2194"]
[BlackElo "2282"]
[PlyCount "147"]
[EventDate "2005.04.14"]
[EventType "swiss"]
[EventRounds "9"]
[EventCountry "NOR"]
[EventCategory "2"]
[Source "lmi"]
[SourceDate "2005.04.22"]

1. c4 Nf6 2. Nf3 d6 3. Nc3 e5 4. g3 Be7 5. Bg2 Nbd7 6. O-O O-O 7. d4 Re8 8. h3
Bf8 9. e4 c6 10. Re1 a6 11. Qc2 b5 12. d5 Bb7 13. dxc6 Bxc6 14. Bg5 h6 15. Bxf6
Nxf6 16. Nd2 Qb6 17. Qb3 Rab8 18. Rac1 Rec8 19. Nd5 Nxd5 20. cxd5 Bd7 21. Qd3
g6 22. b4 h5 23. Qe3 Qxe3 24. fxe3 Be7 25. Nb3 Bd8 26. Kf2 Rc4 27. a3 Rbc8 28.
Rxc4 bxc4 29. Nc1 a5 30. Na2 Ba4 31. Rc1 Bb3 32. Nc3 axb4 33. axb4 Ra8 34. Bf1
Kf8 35. Nb5 Ke7 36. Bxc4 Ra2+ 37. Kf3 Rb2 38. Na7 Kd7 39. Bb5+ Ke7 40. Nc6+ Ke8
41. Nxe5+ Kf8 42. Nc6 Bf6 43. Be2 Ba4 44. Ra1 Bc2 45. Ra8+ Kg7 46. b5 Bc3 47.
Ra3 Be1 48. Nd4 Bb4 49. Nxc2 Rxc2 50. Rb3 Ba5 51. b6 Rc8 52. Rb5 Bc3 53. b7 Rb8
54. Rb3 Ba5 55. Ba6 Kf6 56. Rb2 Bc7 57. Rb1 Ke7 58. Rc1 Kd8 59. g4 hxg4+ 60.
Kxg4 Kd7 61. Bb5+ Ke7 62. Bc6 Bb6 63. Kf4 Bc5 64. h4 Kd8 65. Ra1 Bb6 66. Ra6
Kc7 67. Ra8 Bc5 68. Rxb8 Kxb8 69. Be8 f5 70. Bxg6 fxe4 71. Kxe4 Kxb7 72. h5 Kc7
73. h6 Ba3 74. Kf5 1-0

[Event "Gausdal Classics IM-A"]
[Site "Gausdal NOR"]
[Date "2005.04.20"]
[Round "8.1"]
[White "Kveinys, Aloyzas"]
[Black "Johannessen, Svein"]
[Result "1/2-1/2"]
[WhiteElo "2539"]
[BlackElo "2282"]
[PlyCount "84"]
[EventDate "2005.04.14"]
[EventType "swiss"]
[EventRounds "9"]
[EventCountry "NOR"]
[EventCategory "2"]
[Source "lmi"]
[SourceDate "2005.04.22"]

1. Nf3 f5 2. g3 b6 3. Bg2 Bb7 4. O-O e6 5. d3 Nf6 6. Nbd2 Qc8 7. c3 Be7 8. Qc2
O-O 9. e4 fxe4 10. dxe4 Nc6 11. b4 a5 12. b5 Nd8 13. e5 Ng4 14. h3 Nh6 15. Ne4
Ndf7 16. g4 d6 17. c4 Nxe5 18. Nxe5 dxe5 19. Bb2 Nf7 20. f4 exf4 21. Rxf4 Qe8
22. g5 Bxe4 23. Qxe4 Rd8 24. h4 e5 25. Rf5 Bc5+ 26. Kf1 Bd4 27. Qe2 Bxb2 28.
Qxb2 Qe6 29. Qc2 g6 30. Rf6 Qg4 31. Qf2 Nd6 32. Bd5+ Kg7 33. Re1 Nf5 34. Rxe5
Rxf6 35. gxf6+ Kxf6 36. Re4 Qh3+ 37. Kg1 Qc3 38. Qf4 Qa1+ 39. Kf2 Rd6 40. Qg5+
Kg7 41. Re7+ Nxe7 42. Qxe7+ Kh6 1/2-1/2

[Event "Gausdal Classics IM-A"]
[Site "Gausdal NOR"]
[Date "2005.04.20"]
[Round "8.2"]
[White "Cooksey, Paul"]
[Black "Moskow, Eric"]
[Result "1-0"]
[WhiteElo "2252"]
[BlackElo "2194"]
[PlyCount "71"]
[EventDate "2005.04.14"]
[EventType "swiss"]
[EventRounds "9"]
[EventCountry "NOR"]
[EventCategory "2"]
[Source "lmi"]
[SourceDate "2005.04.22"]

1. d4 e6 2. Nf3 Nf6 3. c4 c5 4. e3 cxd4 5. exd4 Bb4+ 6. Nbd2 O-O 7. Bd3 d5 8.
O-O Nc6 9. cxd5 Qxd5 10. Nc4 b6 11. Be3 Bb7 12. Qe2 Rac8 13. Rfd1 Qh5 14. h3
Be7 15. a3 Rfd8 16. Rac1 Qd5 17. Qf1 Ne4 18. Bb1 g6 19. Bf4 Na5 20. Ne3 Qb3 21.
Qe2 Qa4 22. Rxc8 Rxc8 23. b4 Nb3 24. Qb2 Nc3 25. Re1 Bxf3 26. gxf3 Nxd4 27. Kg2
Qc6 28. Be4 Nxe4 29. Qxd4 Nf6 30. Be5 Nd7 31. Ng4 h5 32. Nh6+ Kf8 33. Bg7+ Ke8
34. Qf4 f5 35. Ng8 Bf8 36. Qh6 1-0

[Event "Gausdal Classics IM-A"]
[Site "Gausdal NOR"]
[Date "2005.04.20"]
[Round "8.3"]
[White "Ferkingstad, Sjur"]
[Black "Ghannoum, Marc"]
[Result "1-0"]
[WhiteElo "2237"]
[BlackElo "2252"]
[PlyCount "75"]
[EventDate "2005.04.14"]
[EventType "swiss"]
[EventRounds "9"]
[EventCountry "NOR"]
[EventCategory "2"]
[Source "lmi"]
[SourceDate "2005.04.22"]

1. e4 e5 2. f4 exf4 3. Nf3 Be7 4. Nc3 Bh4+ 5. Ke2 d5 6. Nxd5 Nf6 7. Nxf6+ Bxf6
8. d4 g5 9. e5 Bg7 10. g3 g4 11. Nh4 Qd5 12. Rg1 f3+ 13. Kf2 Bxe5 14. Be3 Bf6
15. c4 Qd8 16. Qd3 Bxh4 17. Bh6 Be7 18. Re1 Be6 19. d5 Bc5+ 20. Be3 Bxe3+ 21.
Qxe3 Qf6 22. Qd2 O-O 23. dxe6 fxe6 24. Bd3 Nc6 25. Re4 h5 26. Rge1 Rad8 27. Kf1
e5 28. c5 f2 29. R1e2 Kg7 30. Qe3 Nd4 31. Rxe5 Nxe2 32. Rg5+ Kh8 33. Rxh5+ Kg7
34. Rg5+ Kh8 35. Qe4 Rxd3 36. Rh5+ Qh6 37. Rxh6+ Kg7 38. Qh7# 1-0

[Event "Gausdal Classics IM-A"]
[Site "Gausdal NOR"]
[Date "2005.04.20"]
[Round "8.4"]
[White "Bentsen, Hakon"]
[Black "Andreasen, Per"]
[Result "1/2-1/2"]
[WhiteElo "2159"]
[BlackElo "2323"]
[PlyCount "28"]
[EventDate "2005.04.14"]
[EventType "swiss"]
[EventRounds "9"]
[EventCountry "NOR"]
[EventCategory "2"]
[Source "lmi"]
[SourceDate "2005.04.22"]

1. e4 g6 2. d4 Bg7 3. Nf3 d6 4. Nc3 Nf6 5. Bg5 a6 6. Bd3 Nc6 7. d5 Nb8 8. Qd2
h6 9. Be3 c6 10. Na4 Nbd7 11. c4 Ng4 12. Bd4 Nge5 13. Nxe5 Nxe5 14. Be2 O-O
1/2-1/2

[Event "Gausdal Classics IM-A"]
[Site "Gausdal NOR"]
[Date "2005.04.20"]
[Round "8.5"]
[White "Hole, Oystein"]
[Black "Westerinen, Heikki MJ"]
[Result "1/2-1/2"]
[WhiteElo "2329"]
[BlackElo "2365"]
[PlyCount "83"]
[EventDate "2005.04.14"]
[EventType "swiss"]
[EventRounds "9"]
[EventCountry "NOR"]
[EventCategory "2"]
[Source "lmi"]
[SourceDate "2005.04.22"]

1. Nf3 d5 2. d4 Nf6 3. c4 c6 4. Nc3 dxc4 5. a4 Bf5 6. e3 e6 7. Bxc4 Be7 8. O-O
O-O 9. Qe2 Ne4 10. Bd3 Nxc3 11. bxc3 Bxd3 12. Qxd3 c5 13. Rb1 cxd4 14. cxd4 Nd7
15. Ba3 Bxa3 16. Qxa3 b6 17. a5 bxa5 18. Rb5 Nb6 19. Qxa5 Nd5 20. Ra1 Qxa5 21.
Rbxa5 Rfc8 22. h4 Rc7 23. Ne5 Kf8 24. Kh2 Ke7 25. e4 Nc3 26. f3 f6 27. Nd3 Rd7
28. Nb4 Ke8 29. d5 exd5 30. Nxd5 Nxd5 31. exd5 a6 32. Kg3 Rad8 33. Rd1 Rd6 34.
Kf4 Rb8 35. Ke4 Kd7 36. g4 Rb2 37. Rd3 Kc7 38. Rc3+ Kd7 39. Rc6 Rb4+ 40. Ke3
Rxd5 41. Rcxa6 Rxa5 42. Rxa5 1/2-1/2

[Event "Gausdal Classics IM-A"]
[Site "Gausdal NOR"]
[Date "2005.04.21"]
[Round "9.3"]
[White "Ghannoum, Marc"]
[Black "Bentsen, Hakon"]
[Result "1-0"]
[WhiteElo "2252"]
[BlackElo "2159"]
[PlyCount "51"]
[EventDate "2005.04.14"]
[EventType "swiss"]
[EventRounds "9"]
[EventCountry "NOR"]
[EventCategory "2"]
[Source "lmi"]
[SourceDate "2005.04.22"]

1. e4 e5 2. Nc3 Nc6 3. Bc4 Nf6 4. d3 Be7 5. f4 exf4 6. Bxf4 d6 7. Nf3 O-O 8. a3
Bg4 9. h3 Bh5 10. g4 Bg6 11. Qd2 Nd7 12. O-O-O Nde5 13. Nxe5 dxe5 14. Be3 Nd4
15. h4 Bxh4 16. Rh3 Be7 17. Rdh1 Ne6 18. Rxh7 Bxh7 19. Qh2 Ng5 20. Kb1 Re8 21.
Bxg5 Bxg5 22. Qxh7+ Kf8 23. Nd5 f6 24. Qg8+ Kxg8 25. Ne7+ Kf8 26. Ng6# 1-0

[Event "Gausdal Classics IM-A"]
[Site "Gausdal NOR"]
[Date "2005.04.21"]
[Round "9.4"]
[White "Moskow, Eric"]
[Black "Ferkingstad, Sjur"]
[Result "1-0"]
[WhiteElo "2194"]
[BlackElo "2237"]
[PlyCount "85"]
[EventDate "2005.04.14"]
[EventType "swiss"]
[EventRounds "9"]
[EventCountry "NOR"]
[EventCategory "2"]
[Source "lmi"]
[SourceDate "2005.04.22"]

1. c4 f5 2. Nc3 Nf6 3. g3 g6 4. Bg2 Bg7 5. Nf3 O-O 6. O-O d6 7. d3 Nc6 8. Rb1
a5 9. a3 e5 10. b4 axb4 11. axb4 h6 12. b5 Ne7 13. Nd2 g5 14. Qb3 Kh8 15. Ba3
f4 16. c5 Nf5 17. Nc4 Ne8 18. Qb4 Nd4 19. cxd6 cxd6 20. Rb2 g4 21. Be4 Qg5 22.
Nxd6 Nxd6 23. Qxd6 f3 24. h4 gxh3 25. exf3 h2+ 26. Kh1 Nxf3 27. Bc5 Bf5 28.
Bxf3 Bh3 29. Be3 Qf5 30. Be4 Qh5 31. Rc1 Bg4 32. Qd5 Rad8 33. Qxb7 Rxd3 34. Bg2
e4 35. Bxe4 Bc8 36. Qc6 Bxc3 37. Bxd3 Bxb2 38. Rb1 Bg7 39. Be4 Bf5 40. Bxf5
Qxf5 41. Rc1 Qh5 42. b6 Rf6 43. Qa8+ 1-0

[Event "Gausdal Classics IM-A"]
[Site "Gausdal NOR"]
[Date "2005.04.21"]
[Round "9.5"]
[White "Johannessen, Svein"]
[Black "Cooksey, Paul"]
[Result "1/2-1/2"]
[WhiteElo "2281"]
[BlackElo "2252"]
[PlyCount "28"]
[EventDate "2005.04.14"]
[EventType "swiss"]
[EventRounds "9"]
[EventCountry "NOR"]
[EventCategory "2"]
[Source "lmi"]
[SourceDate "2005.04.22"]

1. e4 c6 2. d4 d5 3. e5 Bf5 4. c4 e6 5. Nc3 Ne7 6. Nf3 Nd7 7. Be2 Bg4 8. cxd5
cxd5 9. O-O Nc6 10. Be3 Be7 11. h3 Bh5 12. Nh2 Bxe2 13. Qxe2 Nb6 14. f4 Qd7
1/2-1/2

[Event "Gausdal Classics IM-B"]
[Site "Gausdal NOR"]
[Date "2005.04.13"]
[Round "1.2"]
[White "Bentsen, Oyvind"]
[Black "Siebrecht, Sebastian"]
[Result "0-1"]
[WhiteElo "2185"]
[BlackElo "2438"]
[PlyCount "100"]
[EventDate "2005.04.14"]
[EventType "tourn"]
[EventRounds "9"]
[EventCountry "NOR"]
[EventCategory "2"]
[Source "lmi"]
[SourceDate "2005.04.22"]

1. e4 c5 2. Nf3 e6 3. d4 cxd4 4. Nxd4 a6 5. Nc3 b5 6. a3 Bb7 7. Be2 Qc7 8. O-O
Nf6 9. Bf3 d6 10. Re1 Nbd7 11. g3 Be7 12. Bg2 O-O 13. f4 Rfd8 14. Kh1 Bf8 15.
Qe2 e5 16. Nb3 exf4 17. Bxf4 Re8 18. Qd2 Ne5 19. Bxe5 dxe5 20. Nd5 Nxd5 21.
exd5 Rad8 22. Na5 Ba8 23. b4 e4 24. Rxe4 Bxd5 25. Rxe8 Bxg2+ 26. Qxg2 Rxe8 27.
Rf1 Re3 28. Qd5 Rc3 29. Nb7 Rxc2 30. Nd8 Qc4 31. Qxf7+ Qxf7 32. Nxf7 Rc3 33.
Ne5 Rxa3 34. Nc6 Ra4 35. Rf4 g5 36. Rd4 Kf7 37. Rd7+ Ke6 38. Rxh7 Kd5 39. Nd8
Bxb4 40. h4 gxh4 41. gxh4 Bc3 42. h5 Rh4+ 43. Kg2 b4 44. h6 Bf6 45. Rd7+ Kc4
46. Nc6 Rxh6 47. Rb7 Bc3 48. Na5+ Kd3 49. Nb3 Kc2 50. Nc5 Rc6 0-1

[Event "Gausdal Classics IM-B"]
[Site "Gausdal NOR"]
[Date "2005.04.13"]
[Round "1.3"]
[White "Silseth, Simon"]
[Black "Arsenault, Nicolas"]
[Result "1-0"]
[WhiteElo "2310"]
[BlackElo "2159"]
[PlyCount "73"]
[EventDate "2005.04.14"]
[EventType "tourn"]
[EventRounds "9"]
[EventCountry "NOR"]
[EventCategory "2"]
[Source "lmi"]
[SourceDate "2005.04.22"]

1. c4 Nf6 2. Nc3 g6 3. e4 d6 4. g3 Bg7 5. Bg2 O-O 6. Nge2 e5 7. O-O c6 8. d4
Nbd7 9. d5 cxd5 10. cxd5 a6 11. a4 a5 12. Nb5 Ne8 13. Be3 f5 14. f3 fxe4 15.
fxe4 b6 16. Bh3 Nc5 17. Rxf8+ Bxf8 18. Bxc8 Qxc8 19. Qc2 Nf6 20. Bxc5 Qxc5+ 21.
Qxc5 bxc5 22. Nec3 Rb8 23. h3 Ne8 24. b3 Bh6 25. Rd1 Be3+ 26. Kg2 Rb7 27. Nb1
Rf7 28. Rf1 Rxf1 29. Kxf1 Bc1 30. Ke2 Kf8 31. N1a3 Bxa3 32. Nxa3 Nf6 33. Ke3
Ke7 34. Nc4 Nh5 35. Kf3 Nf6 36. Nxa5 Kd7 37. Nc4 1-0

[Event "Gausdal Classics IM-B"]
[Site "Gausdal NOR"]
[Date "2005.04.13"]
[Round "1.4"]
[White "Saevareid, Ove"]
[Black "Jakubowski, Krzysztof"]
[Result "0-1"]
[WhiteElo "2206"]
[BlackElo "2479"]
[PlyCount "78"]
[EventDate "2005.04.14"]
[EventType "tourn"]
[EventRounds "9"]
[EventCountry "NOR"]
[EventCategory "2"]
[Source "lmi"]
[SourceDate "2005.04.22"]

1. c4 e5 2. g3 Nf6 3. Bg2 d5 4. cxd5 Nxd5 5. Nf3 Nc6 6. O-O Be7 7. d4 e4 8. Ne5
f5 9. Nxc6 bxc6 10. Nc3 O-O 11. Qa4 Rf6 12. Bg5 Rd6 13. Bxe7 Nxe7 14. e3 Be6
15. Rac1 a5 16. Rc2 Qb8 17. b3 g5 18. Qa3 Qb4 19. Qxb4 axb4 20. Na4 Kg7 21.
Rfc1 Kg6 22. Rc5 Bd5 23. Bf1 f4 24. Bc4 fxe3 25. fxe3 Rf8 26. Bxd5 Nxd5 27.
Rxc6 Nxe3 28. Rxc7 Rxd4 29. Re1 Rd1 30. Rxd1 Nxd1 31. Rc1 Nf2 32. Re1 Nh3+ 33.
Kg2 g4 34. Nc5 e3 35. Nd3 Ra8 36. Re2 Kf5 37. Nxb4 Ke4 38. a4 Rc8 39. a5 Rc1
0-1

[Event "Gausdal Classics IM-B"]
[Site "Gausdal NOR"]
[Date "2005.04.13"]
[Round "1.5"]
[White "Hartvig, Ove W"]
[Black "Schoelseth, Tor Kristian"]
[Result "1-0"]
[WhiteElo "2246"]
[BlackElo "2213"]
[PlyCount "77"]
[EventDate "2005.04.14"]
[EventType "tourn"]
[EventRounds "9"]
[EventCountry "NOR"]
[EventCategory "2"]
[Source "lmi"]
[SourceDate "2005.04.22"]

1. e4 c5 2. Nf3 d6 3. d4 cxd4 4. Nxd4 Nf6 5. Nc3 g6 6. f3 Bg7 7. Be3 O-O 8. Qd2
Nc6 9. Bc4 Bd7 10. O-O-O Ne5 11. Bb3 Qa5 12. Kb1 Rfc8 13. Rhe1 Rab8 14. Nd5
Qxd2 15. Rxd2 Nxd5 16. exd5 a5 17. a4 b5 18. axb5 Bxb5 19. Nxb5 Rxb5 20. Bd4
Bf6 21. f4 Nc4 22. Bxc4 Rxc4 23. Bxf6 exf6 24. Re8+ Kg7 25. Rd8 Rb6 26. g3 f5
27. Ra8 Rc5 28. Ra7 Rcb5 29. b3 Kf6 30. Ka2 h6 31. Rd3 g5 32. c4 Rc5 33. Re3
Kg6 34. Ka3 Kh5 35. Rxf7 Kg4 36. fxg5 hxg5 37. Rh7 f4 38. h3+ Kf5 39. Re6 1-0

[Event "Gausdal Classics IM-B"]
[Site "Gausdal NOR"]
[Date "2005.04.14"]
[Round "2.1"]
[White "Niemi, Kalle"]
[Black "Schoelseth, Tor Kristian"]
[Result "1/2-1/2"]
[WhiteElo "2247"]
[BlackElo "2213"]
[PlyCount "122"]
[EventDate "2005.04.14"]
[EventType "tourn"]
[EventRounds "9"]
[EventCountry "NOR"]
[EventCategory "2"]
[Source "lmi"]
[SourceDate "2005.04.22"]

1. e4 c5 2. Nf3 d6 3. d4 cxd4 4. Nxd4 Nf6 5. Nc3 g6 6. Be3 Bg7 7. f3 Nc6 8. Qd2
O-O 9. O-O-O Be6 10. Kb1 Ne5 11. h4 Rc8 12. g4 Qa5 13. Nd5 Qxd2 14. Nxe7+ Kh8
15. Bxd2 Rce8 16. h5 Nxe4 17. fxe4 Bxg4 18. h6 Bxh6 19. Bxh6 Bxd1 20. Bxf8 Rxf8
21. Bh3 Bf3 22. Nxf3 Nxf3 23. Bg2 Ng5 24. Nd5 Re8 25. Nc3 Kg7 26. Rd1 Re6 27.
Kc1 f6 28. Rd3 a6 29. a4 h5 30. Kd2 h4 31. Re3 Kh6 32. Nd5 Nf7 33. Bh3 Re5 34.
Nxf6 Rg5 35. Ng4+ Kh5 36. Nf2 Rg1 37. b3 Ne5 38. Nd3 g5 39. Nxe5 dxe5 40. Bf5
g4 41. Rd3 Rg2+ 42. Kc1 b6 43. Rd8 Kg5 44. Rh8 a5 45. Kd1 g3 46. Ke1 Rxc2 47.
Kf1 Rh2 48. Kg1 Kf4 49. Rc8 h3 50. Rc3 Rg2+ 51. Kh1 Rd2 52. Bxh3 Rh2+ 53. Kg1
Rxh3 54. Rc6 Rh2 55. Rxb6 Rb2 56. Rb8 Kxe4 57. Rg8 g2 58. Rg3 Kd4 59. Rg8 e4
60. Rd8+ Ke3 61. Rd5 Kf3 1/2-1/2

[Event "Gausdal Classics IM-B"]
[Site "Gausdal NOR"]
[Date "2005.04.14"]
[Round "2.2"]
[White "Jakubowski, Krzysztof"]
[Black "Hartvig, Ove W"]
[Result "1-0"]
[WhiteElo "2479"]
[BlackElo "2246"]
[PlyCount "59"]
[EventDate "2005.04.14"]
[EventType "tourn"]
[EventRounds "9"]
[EventCountry "NOR"]
[EventCategory "2"]
[Source "lmi"]
[SourceDate "2005.04.22"]

1. e4 c5 2. Nf3 d6 3. d4 cxd4 4. Nxd4 Nf6 5. Nc3 g6 6. Be3 Bg7 7. f3 O-O 8. Bc4
Nc6 9. Bb3 Bd7 10. h4 h5 11. Qe2 Na5 12. O-O-O Nxb3+ 13. cxb3 Qa5 14. Kb1 Rab8
15. Bg5 Rfe8 16. Qd2 Qc5 17. Nde2 Bc6 18. Rc1 Qa5 19. Bh6 Rbd8 20. Bxg7 Kxg7
21. Nd4 Bd7 22. Rcd1 b5 23. Ncxb5 Qb6 24. Nc3 Bc8 25. Qg5 e5 26. Qxf6+ Kxf6 27.
Nd5+ Kg7 28. Nxb6 axb6 29. Nb5 d5 30. Nc7 1-0

[Event "Gausdal Classics IM-B"]
[Site "Gausdal NOR"]
[Date "2005.04.14"]
[Round "2.3"]
[White "Arsenault, Nicolas"]
[Black "Saevareid, Ove"]
[Result "1/2-1/2"]
[WhiteElo "2159"]
[BlackElo "2206"]
[PlyCount "106"]
[EventDate "2005.04.14"]
[EventType "tourn"]
[EventRounds "9"]
[EventCountry "NOR"]
[EventCategory "2"]
[Source "lmi"]
[SourceDate "2005.04.22"]

1. e4 e5 2. Nf3 Nc6 3. Bb5 Nf6 4. O-O Nxe4 5. d4 Nd6 6. Bxc6 dxc6 7. dxe5 Nf5
8. Qxd8+ Kxd8 9. Nbd2 Ke8 10. h3 h6 11. b3 c5 12. Bb2 Be6 13. g4 Ne7 14. Kg2
Ng6 15. Kg3 Be7 16. c4 Rd8 17. Rfe1 Rd3 18. Re3 Rxe3 19. fxe3 a5 20. Ne4 Kd7
21. Rd1+ Kc6 22. a4 b6 23. Nc3 h5 24. Nd5 hxg4 25. Nxe7+ Nxe7 26. hxg4 Ng6 27.
Ng5 Re8 28. Rd3 Nf8 29. Nf3 Kb7 30. Nh4 g6 31. Nf3 Kc8 32. Ng5 Re7 33. Nxe6
Nxe6 34. Kf3 Re8 35. Rd1 Rh8 36. Kg3 Rd8 37. Rxd8+ Kxd8 38. Kf3 Kd7 39. Ke4 Kc6
40. Bc3 Kd7 41. Be1 Nd8 42. Kd5 Ne6 43. Ke4 Ng5+ 44. Kf4 Nh7 45. Bc3 Ke6 46.
Ke4 g5 47. Bb2 Nf8 48. Bc3 Ng6 49. Bb2 Ne7 50. Ba1 Nc6 51. Bc3 Nb4 52. Bb2 Na2
53. Kd3 Nb4+ 1/2-1/2

[Event "Gausdal Classics IM-B"]
[Site "Gausdal NOR"]
[Date "2005.04.14"]
[Round "2.4"]
[White "Siebrecht, Sebastian"]
[Black "Silseth, Simon"]
[Result "1/2-1/2"]
[WhiteElo "2438"]
[BlackElo "2310"]
[PlyCount "159"]
[EventDate "2005.04.14"]
[EventType "tourn"]
[EventRounds "9"]
[EventCountry "NOR"]
[EventCategory "2"]
[Source "lmi"]
[SourceDate "2005.04.22"]

1. Nf3 f5 2. d3 Nc6 3. e4 e5 4. Nc3 Nf6 5. exf5 d5 6. d4 e4 7. Ne5 Bxf5 8. Bb5
Qd6 9. Bf4 Qe6 10. h3 Bb4 11. g4 Bg6 12. Qd2 O-O 13. Nxg6 hxg6 14. O-O-O a6 15.
Be2 Bd6 16. Be3 Ne7 17. Rdg1 Nd7 18. g5 Nf5 19. h4 Nb6 20. h5 gxh5 21. g6 h4
22. Qd1 Rf6 23. Bg4 Rxg6 24. Rxh4 Qf6 25. Rh5 Nxe3 26. fxe3 Qf2 27. Rgh1 Qxe3+
28. Kb1 Rh6 29. Be6+ Rxe6 30. Rh8+ Kf7 31. Qh5+ Ke7 32. Rxa8 Kd7 33. Nxd5 Nxd5
34. Qxd5 Rh6 35. Rc1 Qf3 36. Qg8 Kc6 37. Qc4+ Kb6 38. b4 Qa3 39. c3 Rh2 40. Qb3
Qxb3+ 41. axb3 Bf4 42. Rc2 Bd2 43. Re8 e3 44. Re6+ Kb5 45. Kb2 Rf2 46. Ka3 c6
47. d5 Rf6 48. c4+ Kb6 49. c5+ Kb5 50. Re7 Bxb4+ 51. Kb2 Bxc5 52. Rxb7+ Bb6 53.
dxc6 Rxc6 54. Rxc6 Kxc6 55. Re7 Kd6 56. Re8 Kd7 57. Re4 Kd6 58. Kc2 Kc6 59. Rg4
Kb5 60. Rxg7 Ba5 61. Rg5+ Kb6 62. Kd3 Bd2 63. Re5 a5 64. Kc4 Kc6 65. Re6+ Kc7
66. Kd5 Kd7 67. Re4 Kc7 68. Re7+ Kb6 69. Re8 Kc7 70. Kc5 Bb4+ 71. Kb5 Bd2 72.
Kc5 Bb4+ 73. Kd5 Bd2 74. Kc4 Kd7 75. Re4 Kc6 76. Re6+ Kc7 77. Kb5 Kd7 78. Rxe3
Bxe3 79. Kxa5 Kc7 80. Ka6 1/2-1/2

[Event "Gausdal Classics IM-B"]
[Site "Gausdal NOR"]
[Date "2005.04.14"]
[Round "2.5"]
[White "Loeffler, Stefan"]
[Black "Bentsen, Oyvind"]
[Result "1-0"]
[WhiteElo "2429"]
[BlackElo "2185"]
[PlyCount "45"]
[EventDate "2005.04.14"]
[EventType "tourn"]
[EventRounds "9"]
[EventCountry "NOR"]
[EventCategory "2"]
[Source "lmi"]
[SourceDate "2005.04.22"]

1. Nf3 Nf6 2. c4 d6 3. d4 g6 4. Nc3 Bg7 5. e4 O-O 6. Be2 Nbd7 7. O-O c5 8. d5
Re8 9. Bg5 Qb6 10. Rb1 a6 11. Nd2 Nf8 12. f4 h6 13. Bh4 N6h7 14. Bd3 g5 15.
fxg5 hxg5 16. Qh5 Ng6 17. e5 dxe5 18. Rxf7 Bg4 19. Qxg4 Kxf7 20. Rf1+ Kg8 21.
Na4 Qd6 22. Ne4 Nf6 23. Rxf6 1-0

[Event "Gausdal Classics IM-B"]
[Site "Gausdal NOR"]
[Date "2005.04.15"]
[Round "3.1"]
[White "Bentsen, Oyvind"]
[Black "Niemi, Kalle"]
[Result "1/2-1/2"]
[WhiteElo "2185"]
[BlackElo "2247"]
[PlyCount "62"]
[EventDate "2005.04.14"]
[EventType "tourn"]
[EventRounds "9"]
[EventCountry "NOR"]
[EventCategory "2"]
[Source "lmi"]
[SourceDate "2005.04.22"]

1. e4 c5 2. Nf3 Nc6 3. d4 cxd4 4. Nxd4 Nf6 5. Nc3 e5 6. Ndb5 d6 7. Bg5 a6 8.
Bxf6 gxf6 9. Na3 b5 10. Nd5 f5 11. Bd3 Be6 12. Qh5 Rg8 13. g3 Rg5 14. Qxh7 Bxd5
15. exd5 Ne7 16. O-O-O Qb6 17. Kb1 e4 18. Be2 Qxf2 19. Nxb5 axb5 20. Bxb5+ Kd8
21. Qxf7 Kc7 22. Qe6 Rd8 23. c3 Rg6 24. Qf7 Qf3 25. Rhf1 Qh5 26. Be8 Qh6 27.
Rd4 Rf6 28. Rc4+ Kb6 29. Rb4+ Kc7 30. Rc4+ Kb6 31. Rb4+ Kc7 1/2-1/2

[Event "Gausdal Classics IM-B"]
[Site "Gausdal NOR"]
[Date "2005.04.15"]
[Round "3.2"]
[White "Silseth, Simon"]
[Black "Loeffler, Stefan"]
[Result "0-1"]
[WhiteElo "2310"]
[BlackElo "2429"]
[PlyCount "56"]
[EventDate "2005.04.14"]
[EventType "tourn"]
[EventRounds "9"]
[EventCountry "NOR"]
[EventCategory "2"]
[Source "lmi"]
[SourceDate "2005.04.22"]

1. e4 c5 2. Nc3 e6 3. g3 a6 4. Bg2 b5 5. Nf3 Bb7 6. d3 Nc6 7. O-O d6 8. a4 b4
9. Ne2 Nf6 10. Bg5 Be7 11. Nc1 h6 12. Be3 d5 13. exd5 Nxd5 14. Nb3 Nxe3 15.
fxe3 O-O 16. Nfd2 Qc7 17. Nc4 Rad8 18. Qh5 f5 19. e4 Ne5 20. exf5 Bxg2 21. Kxg2
Qc6+ 22. Kg1 Nxc4 23. dxc4 Qe4 24. fxe6 Bg5 25. h3 Be3+ 26. Kh2 Qxc2+ 27. Kh1
Qxc4 28. Kg2 Qxb3 0-1